| 000 | 004620000a22001810004500 | ||
|---|---|---|---|
| 003 | MACL | ||
| 005 | 20160124145006.0 | ||
| 008 | 160124b xxu||||| |||| 00| 0 eng d | ||
| 040 |
_aMACL _cMACL |
||
| 041 | _aEnglish | ||
| 082 | _a610/RAM | ||
| 100 |
_aChandra, Vikram _934536 |
||
| 245 | _aAll India Institure of Medical Science | ||
| 260 |
_bPioneer Pubications _aNew Delhi |
||
| 350 | _a440 | ||
| 650 |
_aMedical Science _934537 |
||
| 942 |
_cBK _k610/Gau _2ddc |
||
| 999 |
_c32469 _d32469 |
||